| 000 | 00587cam a22002051 4500 | ||
|---|---|---|---|
| 001 | sa 66002364 | ||
| 003 | DLC | ||
| 005 | 20260227112229.0 | ||
| 008 | 881028s1964 io a 000 0 ind | ||
| 010 | _asa 66002364 | ||
| 035 | _a(OCoLC)23573905 | ||
| 040 |
_aDLC _cMiU _dDLC |
||
| 042 | _apremarc | ||
| 050 | 0 | 0 |
_aPK585.I5 _bS6 |
| 100 | 2 | _aSoebadio-Noto Soebagio, Haryati. | |
| 245 | 1 | 0 | _aTatabahasa Sanskerta ringkas. |
| 260 |
_a[Djakarta] _bDjambatan _c[1964] |
||
| 300 |
_aviii, 143 p. _billus. _c19 cm. |
||
| 650 | 0 |
_aSanskrit language _xTextbooks for foreign speakers _xIndonesian. |
|
| 999 |
_c68334 _d68334 |
||